[Event "Milan SSM op-B 08"]
[Site "Milan"]
[Date "2015.07.31"]
[Round "1"]
[White "Poletto, Daniele"]
[Black "Madaschi, Sergio"]
[Result "1/2-1/2"]
[WhiteElo "1712"]
[BlackElo "1523"]
[PlyCount "72"]
[EventDate "2015.07.31"]
[EventType "swiss"]
[EventRounds "7"]
[EventCountry "ITA"]
[SourceTitle "EXT 2022"]
[Source "ChessBase"]
[SourceDate "2021.10.06"]
[SourceVersion "1"]
[SourceVersionDate "2021.10.06"]
[SourceQuality "1"]

1. c4 b6 2. Nf3 Bb7 3. g3 Nf6 4. Bg2 e6 5. b3 c5 6. Bb2 g6 7. 0-0 Bg7 8. d4 cxd4 9. Bxd4 Nc6 10. Bb2 0-0 11. Nc3 a6 12. e4 Nxe4 13. Qc2 Nxc3 14. Bxc3 Bxc3 15. Qxc3 Qe7 16. Rad1 d6 17. Rd2 Rad8 18. Rfd1 Rfe8 19. Qe3 Qc7 20. Qf4 e5 21. Qh6 f6 22. Nh4 Nd4 23. Bd5+ Bxd5 24. cxd5 Qb7 25. Rc1 Rc8 26. Rxc8 Rxc8 27. f4 Rc1+ 28. Kf2 Rc2 29. Rxc2 Nxc2 30. Nxg6 hxg6 31. Qxg6+ Kf8 32. Qxc2 Qxd5 33. Qc8+ Kg7 34. Qd7+ Kh6 35. Qh3+ Kg7 36. Qd7+ Kh6 1/2-1/2

[Event "Robecchetto op-B 26th"]
[Site "Robecchetto"]
[Date "2015.07.25"]
[Round "2"]
[White "Gil Ojeda, Jorge"]
[Black "Madaschi, Sergio"]
[Result "1/2-1/2"]
[WhiteElo "1285"]
[BlackElo "1523"]
[PlyCount "64"]
[EventDate "2015.07.24"]
[EventType "swiss"]
[EventRounds "5"]
[EventCountry "ITA"]
[SourceTitle "EXT 2023"]
[Source "ChessBase"]
[SourceDate "2022.10.05"]
[SourceVersion "1"]
[SourceVersionDate "2022.10.05"]
[SourceQuality "1"]

1. e4 c5 2. Nf3 Nc6 3. d4 cxd4 4. Nxd4 Nf6 5. Nc3 e5 6. Ndb5 d6 7. Bd3 a6 8. Na3 b5 9. Nd5 Nxd5 10. exd5 Ne7 11. c4 bxc4 12. Bxc4 g6 13. 0-0 Bg7 14. Be3 0-0 15. Qd2 Nf5 16. Qd3 Nxe3 17. Qxe3 Bf5 18. Rad1 Qa5 19. Qd2 Qb6 20. b3 Rfe8 21. Nc2 Bxc2 22. Qxc2 e4 23. Qd2 e3 24. fxe3 Rxe3 25. Qf2 f5 26. Kh1 Rae8 27. Rde1 Bd4 28. Rxe3 Rxe3 29. Qd2 Re8 30. Re1 Be5 31. Qe3 Qxe3 32. Rxe3 a5 1/2-1/2

[Event "Ceriano Laghetto op-C 24th"]
[Site "Ceriano Laghetto"]
[Date "2015.03.08"]
[Round "5"]
[White "Ciochetta, Giovanni"]
[Black "Madaschi, Sergio"]
[Result "1-0"]
[WhiteElo "1587"]
[BlackElo "1494"]
[PlyCount "67"]
[EventDate "2015.03.06"]
[EventType "swiss"]
[EventRounds "5"]
[EventCountry "ITA"]
[SourceTitle "EXT 2024"]
[Source "ChessBase"]
[SourceDate "2023.10.10"]
[SourceVersion "1"]
[SourceVersionDate "2023.10.10"]
[SourceQuality "1"]

1. e4 c5 2. c3 d5 3. exd5 Qxd5 4. d4 Nf6 5. dxc5 Qxc5 6. Be3 Qc7 7. Be2 Nc6 8. Bf3 Bd7 9. Ne2 e6 10. 0-0 Be7 11. Nd2 0-0 12. Nb3 Ne5 13. Ng3 Nxf3+ 14. Qxf3 Bc6 15. Qd1 Rfd8 16. Qb1 a6 17. Nd4 Bd5 18. f3 Bd6 19. Bf2 Bc5 20. b4 Ba7 21. Qb2 e5 22. Ndf5 Bxf2+ 23. Rxf2 Bc4 24. Qc1 Rac8 25. Nxg7 Kh8 26. N7f5 Rg8 27. Nh6 Rg6 28. Ngf5 Be6 29. Rc2 Ng8 30. Qe3 Nxh6 31. Nxh6 Kg7 32. Ng4 Bxg4 33. fxg4 Rxg4 34. Re1 1-0

[Event "Robecchetto op-C 25th"]
[Site "Robecchetto"]
[Date "2014.12.29"]
[Round "6"]
[White "Madaschi, Sergio"]
[Black "Bignami, Matteo"]
[Result "0-1"]
[WhiteElo "1498"]
[BlackElo "1536"]
[PlyCount "56"]
[EventDate "2014.12.26"]
[EventType "swiss"]
[EventRounds "6"]
[EventCountry "ITA"]
[SourceTitle "EXT 2024"]
[Source "ChessBase"]
[SourceDate "2023.10.10"]
[SourceVersion "1"]
[SourceVersionDate "2023.10.10"]
[SourceQuality "1"]

1. e4 e5 2. Nf3 Nc6 3. Bb5 Bc5 4. c3 Nf6 5. 0-0 d6 6. Re1 0-0 7. h3 Ne7 8. d4 Bb6 9. dxe5 dxe5 10. Qxd8 Rxd8 11. Nxe5 Nxe4 12. Nd3 Rxd3 13. Bxd3 Bxf2+ 14. Kf1 Bxe1 15. Kxe1 Nc5 16. Bc2 h6 17. Be3 Ne6 18. Nd2 b6 19. Be4 c6 20. Rd1 f5 21. Bf3 f4 22. Bf2 Nd5 23. Nc4 Ba6 24. Rd2 Ng5 25. Bxd5+ cxd5 26. Rxd5 Bb7 27. Rd7 Bxg2 28. h4 Nh3 0-1

[Event "Robecchetto op-C 25th"]
[Site "Robecchetto"]
[Date "2014.12.27"]
[Round "2"]
[White "Colombo, Abner"]
[Black "Madaschi, Sergio"]
[Result "0-1"]
[WhiteElo "1307"]
[BlackElo "1498"]
[PlyCount "28"]
[EventDate "2014.12.26"]
[EventType "swiss"]
[EventRounds "6"]
[EventCountry "ITA"]
[SourceTitle "EXT 2024"]
[Source "ChessBase"]
[SourceDate "2023.10.10"]
[SourceVersion "1"]
[SourceVersionDate "2023.10.10"]
[SourceQuality "1"]

1. e4 c5 2. Nf3 Nc6 3. d4 cxd4 4. Nxd4 e5 5. Nxc6 bxc6 6. a3 Nf6 7. Bd3 Be7 8. f4 Qc7 9. f5 Bb7 10. b4 d5 11. Bg5 dxe4 12. Bc4 Nd5 13. Bxd5 cxd5 14. 0-0 Bxg5 0-1

[Event "Robecchetto op-C 25th"]
[Site "Robecchetto"]
[Date "2014.12.27"]
[Round "3"]
[White "Madaschi, Sergio"]
[Black "Loggia, Davide"]
[Result "1-0"]
[WhiteElo "1498"]
[BlackElo "1392"]
[PlyCount "115"]
[EventDate "2014.12.26"]
[EventType "swiss"]
[EventRounds "6"]
[EventCountry "ITA"]
[SourceTitle "EXT 2024"]
[Source "ChessBase"]
[SourceDate "2023.10.10"]
[SourceVersion "1"]
[SourceVersionDate "2023.10.10"]
[SourceQuality "1"]

1. d4 d5 2. c4 e6 3. Nf3 Nf6 4. e3 c5 5. Nc3 cxd4 6. exd4 Nc6 7. cxd5 exd5 8. Be2 Be7 9. 0-0 0-0 10. a3 Qb6 11. b4 a6 12. Bb2 Bg4 13. Na4 Qc7 14. Qd3 Bd7 15. Nc3 Rfe8 16. Rfe1 Rad8 17. Rac1 Qf4 18. Bf1 Bf5 19. Qd2 Qxd2 20. Nxd2 Nxd4 21. Na4 Nc6 22. b5 axb5 23. Bxb5 Bd7 24. Nb6 Na7 25. Bxf6 Bxb5 26. Bxe7 Rb8 27. Nf3 Bc6 28. Rcd1 Nc8 29. Nxc8 Rbxc8 30. Bb4 Red8 31. Nd4 g6 32. h3 Ba4 33. Rc1 Rc4 34. Rxc4 dxc4 35. Nf3 b5 36. Kh2 Rc8 37. Rc1 Re8 38. Rc3 Re2 39. Kg3 Rc2 40. Rxc2 Bxc2 41. Nd4 Ba4 42. Kf4 f6 43. g3 Kf7 44. Ke4 Ke8 45. Kd5 Kd7 46. Kc5 h6 47. Nxb5 Bb3 48. Nd4 Ke7 49. Nxb3 cxb3 50. Bc3 Ke6 51. a4 Kd7 52. Kb4 Kc6 53. Kxb3 Kc5 54. Bb4+ Kb6 55. Kc3 h5 56. f4 Kc6 57. Kd4 Kd7 58. Kd5 1-0

[Event "Milan Crespi op-B 35th"]
[Site "Milan"]
[Date "2014.12.07"]
[Round "5"]
[White "Madaschi, Sergio"]
[Black "Altissimo, Dino"]
[Result "0-1"]
[WhiteElo "1498"]
[BlackElo "1444"]
[PlyCount "114"]
[EventDate "2014.12.04"]
[EventType "swiss"]
[EventRounds "7"]
[EventCountry "ITA"]
[SourceTitle "EXT 2017"]
[Source "ChessBase"]
[SourceDate "2016.10.25"]
[SourceVersion "1"]
[SourceVersionDate "2016.10.25"]
[SourceQuality "1"]

1. e4 e5 2. Nf3 d6 3. d4 Nc6 4. dxe5 Nxe5 5. Nxe5 dxe5 6. Qxd8+ Kxd8 7. Bc4 Ke7 8. Nc3 c6 9. 0-0 Nf6 10. Bg5 h6 11. Bh4 Be6 12. Bd3 g5 13. Bg3 Nd7 14. h4 f6 15. a3 Kf7 16. Rfe1 Bc5 17. Na4 Be7 18. Nc3 Rhg8 19. Be2 g4 20. Nd1 h5 21. b4 b6 22. Ne3 a6 23. c4 c5 24. Rab1 Rgd8 25. Nd5 Rab8 26. f4 Bd6 27. f5 Bxd5 28. exd5 Ra8 29. Bf2 a5 30. bxc5 bxc5 31. Rb7 Ke7 32. Reb1 Rdb8 33. a4 Rxb7 34. Rxb7 Kd8 35. Bd1 Rb8 36. Rb5 Rxb5 37. cxb5 Kc7 38. Be1 Kb6 39. Bd2 c4 40. Be2 Nc5 41. Be3 Kc7 42. Bxc4 Nxa4 43. Bb3 Nc5 44. Bc4 Kb7 45. Kf1 a4 46. Ke2 a3 47. Kd1 Nd3 48. Kc2 Ne1+ 49. Kb3 Nxg2 50. Bf2 e4 51. Bd4 Nxh4 52. Bxf6 Nxf5 53. Be2 g3 54. Bf1 Ne3 55. Bh3 g2 56. Bxg2 Nxg2 57. Bg5 e3 0-1

[Event "Milan Crespi op-B 35th"]
[Site "Milan"]
[Date "2014.12.06"]
[Round "4"]
[White "Benedetti, Mario"]
[Black "Madaschi, Sergio"]
[Result "1-0"]
[WhiteElo "1348"]
[BlackElo "1498"]
[PlyCount "65"]
[EventDate "2014.12.04"]
[EventType "swiss"]
[EventRounds "7"]
[EventCountry "ITA"]
[SourceTitle "EXT 2017"]
[Source "ChessBase"]
[SourceDate "2016.10.25"]
[SourceVersion "1"]
[SourceVersionDate "2016.10.25"]
[SourceQuality "1"]

1. d4 Nf6 2. c4 e6 3. Nc3 Bb4 4. Bd2 c5 5. Nf3 Nc6 6. e3 d6 7. Bd3 0-0 8. a3 Bxc3 9. Bxc3 b6 10. Qc2 h6 11. 0-0 Re8 12. d5 exd5 13. cxd5 Nxd5 14. Bh7+ Kf8 15. Be4 Nde7 16. Bxc6 Nxc6 17. Qh7 Ne5 18. Nxe5 dxe5 19. Qh8+ Ke7 20. Qxg7 Rf8 21. Qxe5+ Be6 22. Rfd1 Qb8 23. Qf6+ Ke8 24. Be5 Qb7 25. Bg3 h5 26. Rd6 Qe7 27. Qxe7+ Kxe7 28. Rad1 Rfd8 29. Bh4+ f6 30. Bxf6+ Kxf6 31. Rxd8 Rxd8 32. Rxd8 Ke7 33. Rh8 1-0

[Event "Milan Crespi op-B 35th"]
[Site "Milan"]
[Date "2014.12.06"]
[Round "3"]
[White "Madaschi, Sergio"]
[Black "Frignani, Alessandro"]
[Result "0-1"]
[WhiteElo "1498"]
[BlackElo "1389"]
[PlyCount "96"]
[EventDate "2014.12.04"]
[EventType "swiss"]
[EventRounds "7"]
[EventCountry "ITA"]
[SourceTitle "EXT 2017"]
[Source "ChessBase"]
[SourceDate "2016.10.25"]
[SourceVersion "1"]
[SourceVersionDate "2016.10.25"]
[SourceQuality "1"]

1. d4 d5 2. c4 c6 3. e3 Nf6 4. Nc3 b6 5. Nf3 Nbd7 6. Bd3 h6 7. 0-0 e6 8. Re1 Ba6 9. cxd5 Bxd3 10. Qxd3 Nxd5 11. Nxd5 cxd5 12. Bd2 Bd6 13. Rac1 0-0 14. Rc2 Rc8 15. Rec1 Rxc2 16. Rxc2 Qb8 17. g3 Nf6 18. Bc1 Ne4 19. Nd2 Nf6 20. f4 h5 21. Nf3 Ne4 22. Kg2 f5 23. Qe2 Rf6 24. Nd2 Nxd2 25. Bxd2 g6 26. h4 Rf7 27. Qd3 Qb7 28. Qb3 Rc7 29. a3 Rxc2 30. Qxc2 Qc7 31. Qa4 Kf7 32. Kf3 a5 33. Qb3 Qc6 34. Qc3 Qxc3 35. Bxc3 Ke7 36. Ke2 a4 37. Kd3 Kd7 38. Kc2 Kc6 39. Kb1 Kb5 40. Kc2 Kc4 41. Kc1 Kd3 42. Bd2 Ke2 43. Kc2 Kf3 44. Bb4 Bxb4 45. axb4 b5 46. Kd3 Kxg3 47. Ke2 Kxh4 48. Kf3 Kh3 0-1

[Event "Milan Molinari Memorial-B 8th"]
[Site "Milan"]
[Date "2014.10.30"]
[Round "2"]
[White "Madaschi, Sergio"]
[Black "Conta, Diego"]
[Result "1-0"]
[WhiteElo "1532"]
[BlackElo "1694"]
[PlyCount "71"]
[EventDate "2014.10.29"]
[EventType "swiss"]
[EventRounds "6"]
[EventCountry "ITA"]
[SourceTitle "EXT 2024"]
[Source "ChessBase"]
[SourceDate "2023.10.10"]
[SourceVersion "1"]
[SourceVersionDate "2023.10.10"]
[SourceQuality "1"]

1. e4 e6 2. d4 d5 3. Nd2 Nf6 4. e5 Nfd7 5. Bd3 c5 6. c3 Nc6 7. Ne2 cxd4 8. cxd4 Qb6 9. Nf3 Be7 10. 0-0 f6 11. Nf4 Nb4 12. Bb1 fxe5 13. dxe5 Nf8 14. a3 Nc6 15. b4 Bd7 16. Be3 Qc7 17. Nd3 Ng6 18. Qc2 Rc8 19. Qb2 b6 20. Rc1 Qb7 21. Ba2 0-0 22. Rc2 Rxf3 23. gxf3 d4 24. Bxd4 Nxd4 25. Rxc8+ Bxc8 26. Qxd4 Qxf3 27. Qe3 Qg4+ 28. Qg3 Qd4 29. Rc1 Qd7 30. Qg4 Nf8 31. Nf4 Qd2 32. Rxc8 Qxa2 33. Qxe6+ Qxe6 34. Nxe6 Kf7 35. Nxf8 Bxf8 36. f4 1-0

[Event "Milan SSM op-B 08"]
[Site "Milan"]
[Date "2014.08.03"]
[Round "7"]
[White "Deiana, Giacomo"]
[Black "Madaschi, Sergio"]
[Result "1/2-1/2"]
[WhiteElo "1673"]
[BlackElo "1487"]
[PlyCount "41"]
[EventDate "2014.07.29"]
[EventType "swiss"]
[EventRounds "7"]
[EventCountry "ITA"]
[SourceTitle "EXT 2022"]
[Source "ChessBase"]
[SourceDate "2021.10.06"]
[SourceVersion "1"]
[SourceVersionDate "2021.10.06"]
[SourceQuality "1"]

1. c4 b6 2. Nf3 Bb7 3. g3 e5 4. Bg2 Nf6 5. d3 Nc6 6. 0-0 d6 7. Nc3 Be7 8. Bg5 0-0 9. Bxf6 Bxf6 10. Nd5 g6 11. Rb1 Bg7 12. b4 Ne7 13. Nxe7+ Qxe7 14. a4 e4 15. dxe4 Bxe4 16. Rb3 Bb7 17. Qd2 h6 18. Re1 Rfe8 19. e3 Rab8 20. a5 Qe6 21. Rc1 1/2-1/2

[Event "Lodi Weekend Wasken Boys 2nd"]
[Site "Lodi"]
[Date "2014.06.08"]
[Round "5"]
[White "Madaschi, Sergio"]
[Black "Carrai, Giacomo"]
[Result "0-1"]
[WhiteElo "1503"]
[BlackElo "1760"]
[PlyCount "36"]
[EventDate "2014.06.06"]
[EventType "swiss"]
[EventRounds "5"]
[EventCountry "ITA"]
[SourceTitle "EXT 2024"]
[Source "ChessBase"]
[SourceDate "2023.10.10"]
[SourceVersion "1"]
[SourceVersionDate "2023.10.10"]
[SourceQuality "1"]

1. e4 c5 2. Nf3 d6 3. d4 cxd4 4. Nxd4 Nf6 5. Nc3 a6 6. Be3 Ng4 7. Bg5 h6 8. Bh4 g5 9. Bg3 Bg7 10. h3 Ne5 11. Nf3 Nbc6 12. Nxe5 Nxe5 13. Qd2 Be6 14. Be2 Qa5 15. 0-0-0 Rc8 16. Kb1 Nc4 17. Bxc4 Bxc4 18. Nd5 Qxa2+ 0-1

[Event "Lodi Weekend Wasken Boys 2nd"]
[Site "Lodi"]
[Date "2014.06.07"]
[Round "3"]
[White "Trifoni, Giorgio"]
[Black "Madaschi, Sergio"]
[Result "1-0"]
[WhiteElo "1665"]
[BlackElo "1503"]
[PlyCount "117"]
[EventDate "2014.06.06"]
[EventType "swiss"]
[EventRounds "5"]
[EventCountry "ITA"]
[SourceTitle "EXT 2024"]
[Source "ChessBase"]
[SourceDate "2023.10.10"]
[SourceVersion "1"]
[SourceVersionDate "2023.10.10"]
[SourceQuality "1"]

1. Nf3 Nf6 2. c4 g6 3. Nc3 Bg7 4. g3 c6 5. Bg2 0-0 6. d4 d5 7. c5 Nbd7 8. 0-0 Re8 9. Re1 e5 10. dxe5 Nxe5 11. Nxe5 Rxe5 12. Bf4 Re8 13. e3 Bf5 14. Rc1 Ne4 15. Nxe4 Bxe4 16. b4 Bxg2 17. Kxg2 Qd7 18. a4 Re4 19. Rb1 a6 20. Qc2 Rae8 21. Red1 Qe6 22. b5 Rc4 23. Qb3 axb5 24. axb5 Rxc5 25. bxc6 bxc6 26. Qb6 Rc4 27. Rdc1 Rxc1 28. Rxc1 Rc8 29. Bc7 Re8 30. Rxc6 Qe4+ 31. f3 Qxe3 32. Qxe3 Rxe3 33. Bb6 Rd3 34. Rc8+ Bf8 35. Bc5 Kg7 36. Bxf8+ Kf6 37. Rc6+ Kf5 38. g4+ Kf4 39. Rf6+ Ke5 40. Rxf7 Kd4 41. Rxh7 Ke3 42. Bc5+ Ke2 43. Re7+ Kd1 44. h4 Kc2 45. Rd7 Kb3 46. Rd6 Kc4 47. Ba7 Rd2+ 48. Kg3 Rd1 49. Rxg6 d4 50. Bxd4 Rxd4 51. h5 Rd8 52. h6 Kd5 53. f4 Re8 54. f5 Ke5 55. Kh4 Rf8 56. Kg5 Rf7 57. Re6+ Kd5 58. Kg6 Rf8 59. h7 1-0

[Event "Lodi Weekend Wasken Boys 2nd"]
[Site "Lodi"]
[Date "2014.06.06"]
[Round "1"]
[White "Madaschi, Sergio"]
[Black "Esposito, Giuseppe"]
[Result "0-1"]
[WhiteElo "1503"]
[BlackElo "1718"]
[PlyCount "120"]
[EventDate "2014.06.06"]
[EventType "swiss"]
[EventRounds "5"]
[EventCountry "ITA"]
[SourceTitle "EXT 2024"]
[Source "ChessBase"]
[SourceDate "2023.10.10"]
[SourceVersion "1"]
[SourceVersionDate "2023.10.10"]
[SourceQuality "1"]

1. e4 c6 2. d4 d5 3. Nc3 dxe4 4. Nxe4 Bf5 5. Ng3 Bg6 6. h4 h6 7. Nf3 Nd7 8. h5 Bh7 9. Bd3 Bxd3 10. Qxd3 e6 11. Bf4 Qa5+ 12. Bd2 Qc7 13. 0-0-0 Ngf6 14. Ne4 Be7 15. g3 0-0 16. Bf4 Qa5 17. Kb1 Nxh5 18. Bd2 Qd5 19. c4 Qf5 20. Nh4 Bxh4 21. Rxh4 Nhf6 22. Rf4 Qh5 23. Bb4 Rfd8 24. Be7 Nxe4 25. Bxd8 Rxd8 26. g4 Nxf2 27. Rxf2 Qxg4 28. Qc2 Nf6 29. Rg2 Qe4 30. Rdg1 g6 31. Rd2 Rxd4 32. Rxd4 Qxd4 33. Rd1 Qb6 34. Qd3 Kg7 35. Qc3 Qf2 36. b3 b6 37. Rd3 Qf5 38. Kb2 Qg5 39. Rd7 a5 40. Rd6 Kh7 41. Rxc6 Qg2+ 42. Ka3 Qxc6 43. Qxf6 Qe8 44. Qd4 Qe7+ 45. Kb2 Qc5 46. Qc3 Qf2+ 47. Ka3 h5 48. b4 axb4+ 49. Kxb4 h4 50. a4 e5 51. Qxe5 Qc5+ 52. Qxc5 bxc5+ 53. Kxc5 h3 54. a5 h2 55. a6 h1Q 56. a7 Qb7 57. Kd6 Qxa7 58. c5 Qb8+ 59. Kd7 Qb7+ 60. Kd6 f5 0-1

[Event "Robecchetto Spring 11th A"]
[Site "Robecchetto"]
[Date "2014.05.15"]
[Round "5"]
[White "Pappalardo, Antonio"]
[Black "Madaschi, Sergio"]
[Result "1-0"]
[WhiteElo "1783"]
[BlackElo "1528"]
[PlyCount "55"]
[EventDate "2014.04.10"]
[EventType "swiss"]
[EventRounds "7"]
[EventCountry "ITA"]
[SourceTitle "EXT 2024"]
[Source "ChessBase"]
[SourceDate "2023.10.10"]
[SourceVersion "1"]
[SourceVersionDate "2023.10.10"]
[SourceQuality "1"]

1. d4 g6 2. c4 Nf6 3. Nc3 Bg7 4. e4 d6 5. Bd3 0-0 6. Nge2 e5 7. d5 c6 8. 0-0 Nbd7 9. Ng3 Qc7 10. a3 Nc5 11. Bc2 a5 12. Rb1 Nh5 13. Nxh5 gxh5 14. Qxh5 Nd7 15. Bh6 Bxh6 16. Qxh6 Qd8 17. f4 Kh8 18. Qxd6 Rg8 19. fxe5 Qg5 20. Rf2 Rg6 21. e6 Ne5 22. exf7 Nf3+ 23. Kh1 Bg4 24. f8Q+ Rxf8 25. Qxf8+ Rg8 26. Qd6 Ne5 27. Qf6+ Qxf6 28. Rxf6 1-0

[Event "Milan Crespi op-B 34th"]
[Site "Milan"]
[Date "2013.12.07"]
[Round "5"]
[White "Madaschi, Sergio"]
[Black "Altissimo, Dino"]
[Result "1-0"]
[WhiteElo "1561"]
[BlackElo "1474"]
[PlyCount "81"]
[EventDate "2013.12.04"]
[EventType "swiss"]
[EventRounds "7"]
[EventCountry "ITA"]
[SourceTitle "EXT 2015"]
[Source "ChessBase"]
[SourceDate "2014.11.20"]
[SourceVersion "1"]
[SourceVersionDate "2014.11.20"]
[SourceQuality "1"]

1. e4 e5 2. Nf3 d6 3. d4 exd4 4. Nxd4 Nc6 5. Nxc6 bxc6 6. Nc3 Be6 7. Be2 Nf6 8. Be3 Be7 9. 0-0 0-0 10. Bf3 Bd7 11. Qe2 Qc8 12. h3 a6 13. Rfd1 Rd8 14. Qc4 Qb7 15. b3 Rab8 16. a4 Be6 17. Qd3 Bd7 18. Ne2 Qc8 19. Rab1 Bf8 20. Bd4 Be7 21. Ng3 c5 22. Bc3 Re8 23. Re1 Rd8 24. Qe2 Be6 25. Nh5 Nxh5 26. Bxh5 Bf8 27. Rbd1 Re8 28. Qd3 Rd8 29. Qg3 f6 30. Bxf6 Rd7 31. Bc3 Bf7 32. Bg4 Qd8 33. Bxd7 Qxd7 34. Rd2 Qc8 35. Rde2 Bg6 36. e5 dxe5 37. Qxe5 Qd7 38. Rd2 Bd6 39. Qd5+ Qf7 40. Qxf7+ Kxf7 41. Rde2 1-0